LEADER 01421nam a2200325 u 4500 001 000000070662 003 CaOOAMICUS 005 20070226122039.0 008 020513s1989 it u000 u ita u 020 $a8842034916 035 $a10929582 040 $aPUL(R)$bita 041 1 $aita$hfre 100 1 $aCouliano, Ioan P.,$d1950-1991.$0(OLS)http://pul/name/30235 240 10$aExpériences de l'extase.$lItaliano.$0(OLS)http://pul/title/93123 245 10$aEsperienze dell'estasi dall'ellenismo al Medioevo /$cIoan P. Couliano ; prefazione di Mircea Eliade. 260 $aBari :$bG. Laterza & figli,$c1989. 300 $aix, 224 p. ;$c22 cm 490 1 $aStudi religiosi iniziatici ed esoterici 504 $aContiene indicazioni bibliografiche. 650 4$aGnosticismo.$0(OLS)http://pul/subject/5833 700 1 $aEliade, Mircea,$d1907-1986.$0(OLS)http://pul/name/1652 830 0$aStudi religiosi iniziatici ed esoterici.$0(OLS)http://pul/title/93125 850 $aPUL 852 $aPUL$W1$xDP1 Cons. Gen., Altre Classi 1$y22$m780 B 11$j91432$nBK-PRI$b $qStampati$B91432$CPULBib$Z2$F91432 $H $81 941 1 $a8 961 $aINV: 64665 996 $6020$a8842034916$9(OLS)http://pul/number/91367 996 $6245$aEsperienze dell'estasi dall'ellenismo al Medioevo$9(OLS)http://pul/title/93124 996 $6260$aBari :$bG. Laterza & figli$9(OLS)http://pul/publisher/48969 LEADER 01561nas a2200361 u 4500 001 000000012610 003 CaOOAMICUS 005 20070226105545.0 008 941103c19619999it fr u0 u ita u 022 $a0004-8011 035 $a10304138 040 $aEFR$bita 041 0 $aita$afre$aeng$aspa$ager 130 0 $aAugustinianum$g[Spogli].$0(OLS)http://pul/title/18240 245 10$aAugustinianum. 260 $aRoma :$bInstitutum Patristicum Augustianum,$c1961- 300 $av. ;$c24 cm 310 $aSemestrale 362 0 $aVol. 1, fasc. 1 (1961)- 546 $aItaliano, francese, inglese e spagnolo. 550 $a"Periodicum semestre Instituti patristici Augustinianum". 555 $av.1 (1961)-v.30 (1990) in v.31 (1991). 650 0$aChristian literature, Early$xPeriodicals.$2//eng$0(OLS)http://pul/subject/9375 710 2 $aIstituto patristico Augustinianum.$0(OLS)http://pul/name/577 850 $aPUL 852 $aPUL$W1$xSL Riviste Correnti$y14$m3-38/SL230.05Riv.16/DP1341.C$j17815$nSE-PRI$qPeriodici$q$bv.1 (1961)-v.18 : n.2(1978), v.20 : n.2(1980)-$B17815$CPULBib$Z2$F17815 $Hnull $81 910 $aInstitutum patristicum Augustinianum$9577 910 $aPontificia Università Lateranense. $bIstituto Patristico Augustinianum$9577 910 $aAugustinianum$9577 941 1 $a5 996 $6022$a0004-8011$9(OLS)http://pul/number/16119 996 $6245$aAugustinianum$9(OLS)http://pul/title/18241 996 $6260$aRoma :$bInstitutum Patristicum Augustianum$9(OLS)http://pul/publisher/53698